Trade in services negotiating issues and approaches
Gespeichert in:
| Format: | Buch |
|---|---|
| Sprache: | Englisch |
| Veröffentlicht: |
Paris
OECD
2001
|
| Schriftenreihe: | Industry, services and trade
|
| Schlagworte: | |
| Tags: |
Keine Tags, Fügen Sie das erste Tag hinzu!
|
MARC
| LEADER | 00000nam a2200000 4500 | ||
|---|---|---|---|
| 001 | c128866 | ||
| 005 | 20221221091621.0 | ||
| 020 | |a 92-64-19522-X | ||
| 041 | 0 | |a eng | |
| 044 | |a FR | ||
| 245 | 1 | 0 | |a Trade in services |b negotiating issues and approaches |
| 264 | 1 | |a Paris |b OECD |c 2001 | |
| 300 | |a 135 s. | ||
| 490 | 1 | |a Industry, services and trade | |
| 830 | 0 | |a Industry, services and trade | |
| 610 | 2 | 0 | |a služby |
| 610 | 2 | 0 | |a obchod |
| 610 | 2 | 0 | |a priemysel |
| 610 | 2 | 0 | |a dohody medzinárodné |
| 610 | 2 | 0 | |a telekomunikácie |
| 610 | 2 | 0 | |a komunikácia |
| 610 | 2 | 0 | |a zdravie |
| 610 | 2 | 0 | |a turistika |
| 610 | 2 | 0 | |a ruch cestovný |
| 610 | 2 | 0 | |a služby dopravné |
| 610 | 2 | 0 | |a služby finančné |
| 610 | 2 | 0 | |a služby informačné |
| 610 | 2 | 0 | |a služby obchodné |
| 610 | 2 | 0 | |a služby obyvateľstvu |
| 610 | 2 | 0 | |a služby sociálne |
| 610 | 2 | 0 | |a služby verejné |
| 610 | 2 | 0 | |a porovnanie medzinárodné |
| 610 | 2 | 0 | |a krajiny rozvojové |
| 610 | 2 | 0 | |a krajiny vyspelé |
| 610 | 2 | 0 | |a svet |
| 610 | 2 | 0 | |a OECD |